| 000 | 01898nam a2200349 i 4500 | ||
|---|---|---|---|
| 001 | 195002 | ||
| 003 | ES-MaACL | ||
| 005 | 20250526063018.0 | ||
| 008 | 240214s2024 sp 000 0 spa | ||
| 017 | _aB 500-2024 | ||
| 020 | _a9788467072235 | ||
| 035 | _a(SP-BaPL)pu240754019 | ||
| 040 |
_aDLC _beng _erda _cDLC |
||
| 042 | _apcc | ||
| 100 |
_aPelayo, Alejandro _9236641 _eaut |
||
| 245 | 1 | 0 |
_aTodas las noches que fuimos humo / _cAlejandro Pelayo. |
| 250 | _aPrimera Edición: febrero 2024 | ||
| 264 | 1 |
_a[Barcelona] : _bEspasa es Poesía, _c2024. |
|
| 300 |
_a97 páginas ; _c19 cm |
||
| 336 |
_atext _btxt _2rdacontent |
||
| 337 |
_aunmediated _bn _2rdamedia |
||
| 338 |
_avolume _bnc _2rdacarrier |
||
| 520 | _aEl poemario Todas las noches que fuimos humo trata de una historia de amor que transcurre en una habitación de hotel en la Gran Vía madrileña en el espacio de una noche de verano. Los dos protagonistas se citan para cenar al caer el sol y se despiden a primera hora de la mañana siguiente cuando amanece. Esa noche ambos pasan por diferentes estados de ánimo, algunos compartidos y otros secretos, y se entregan a lo que sucede debajo de las sábanas: lo íntimo, lo privado, el deseo, la soledad, el miedo y la ternura. Todas las noches que fuimos humo es una historia de amor para dos cuerpos y la primera incursión literaria del músico Alejandro Pelayo. | ||
| 655 | 7 |
_2tgfbne _9176539 _aPoesías |
|
| 852 |
_aES-MaACL _bR.155061 _gDedicatoria autógrafa del autor _hDonación: Alejandro Pelayo _xEncuadernación rústica _zEn proceso _cDEPOJ _jN-9846 _9205793 |
||
| 903 |
_9236641 _aPelayo, Alejandro _ednr |
||
| 942 |
_cMONOGRAFIA _n0 |
||
| 999 |
_c195002 _d195002 |
||